Slovensko, krajina neznámych vlastníkov : usporiadanie pozemkového vlastníctva pomocou pozemkových úprav

Saved in:
Bibliographic Details
Main Authors: Hudecová, Ľubica, 1965- (Author), Muchová, Zlatica (Author), Pauditšová, Eva, 1971- (Author), Julény, Anton (Author), Uhlík, Vladimír (Author), Urban, Jozef (Author)
Format: Book
Language:Slovak
Published: Bratislava : Komora pozemkových úprav, 2019
Edition:1. vyd.
Subjects:
Tags: Add Tag
No Tags, Be the first to tag this record!

MARC

LEADER 00000nam a22000003a 4500
001 0096319
003 SK-STU
005 20221011102916.3
007 ta
008 220712s -------||||||||||-|||-||----d
035 |a biblio/516147  |2 CREPC2 
041 0 |a slo 
044 |a xo 
100 1 |4 aut  |9 25  |a Hudecová, Ľubica,  |d 1965-  |u 010140  |r Z1  |U SvF Stavebná fakulta  |T SvF Katedra geodézie  |X 1662  |U V140  |Y 14  |7 A000001662 
242 0 0 |a Slovakia, country of unknown owners :  |y eng  |b resolution of land ownership by land consolidation 
245 1 0 |a Slovensko, krajina neznámych vlastníkov :  |b usporiadanie pozemkového vlastníctva pomocou pozemkových úprav 
250 |a 1. vyd. 
260 |a Bratislava :  |b Komora pozemkových úprav,  |c 2019 
300 |a 124 s. 
650 0 4 |a pozemkové vlastníctvo 
650 0 4 |a pozemkové úpravy 
700 1 |4 aut  |a Muchová, Zlatica  |9 25 
700 1 |4 aut  |a Pauditšová, Eva,  |d 1971-  |u 902022  |r Z1  |9 25  |U Ústav manažmentu STU  |T ÚM - Oddelenie priestorového plánovania a manažmentu  |X 92676  |U R2022  |Y 409  |7 92676 
700 1 |4 aut  |a Julény, Anton  |9 5 
700 1 |4 aut  |a Uhlík, Vladimír  |9 5 
700 1 |4 aut  |9 15  |a Urban, Jozef 
996 |b 284V037858  |c V* 53423/O-24583  |l VVT  |s A  |a 24  |w 0096319_0001